000 00891na a2200241 4500
001 21604
003 MIRAKIL
005 20181213155013.0
008 170206b tu 000 0
035 _a21604
040 _aMilas
_btur
_cTR-AnCHP
041 _atur
082 _a305.42
_bE94 1995
090 _a305.42 E94 1995
245 _aEylem platformu ve Pekin deklarasyonu
_cKadının Statüsü ve Sorunları Genel Müdürlüğü
260 _aAnkara
_bKadının Statüsü ve Sorunları Genel Müdürlüğü
_c1995
_fNo Name Ofset Matbaacılık
300 _a240 s.
_c21 sm.
500 _aBirleşmiş Milletler Dördüncü Dünya Kadın Konferansı Pekin, Çin 4-15 Eylül 1995
630 _aPekin deklarasyonu ve eylem platformu
650 _aKadın
_zPekin
_3Toplantılar
710 _aT.C. Başbakanlık Kadının Statüsü ve Sorunları Genel Müdürlüğü
942 _2ddc
_cBKS
999 _c4621
_d4621